000 00583nam a22001937a 4500
005 20150521143038.0
010 _aENG-112705
020 _a9788172132101
_c175.00
035 _aEN-96237
037 _bDBAD/PUB
082 _aN
100 _aBaruah, Nabin
245 _aCotton college :
_cby Nabin Baruah ; translated by Indrani Laskar
_bstory of an unknown cottonian /
260 _aGuwahati
_bPurbanchal Prakash
_c2014
270 _aH.N.2, Sewjee Path, Wireless,
_bGuwahati
_e781001
300 _a159p.
_c21cm(pbk)
700 _aLaskar, Indrani
942 _2ddc
_cEN
_mBAR
_hN
999 _c92952
_d92952